00522cam a2200145 4500001001100000008004100011035001500052050002100067245016900088260003000257300002100287500001500308650001500323700003800338BIIH001140 1948 spa  aBIIH001140 4aPA8547bL46 1948 0aDon Guillén de Lámport y su "Regio Salterio" : Ms. latino inédito de 1655 /cestudio, selección, versión castellana y notas de Gabriel Méndez Plancarte. aMéxico :b[s.n.],c1948 a159 p. ;c23 cm. a1 ejemplar 4aLiteratura1 aMéndez Plancarte, Gabriel,etr.